De la tiendita al supermercado: los comerciantes chinos en América Latina y el Caribe /

Wedi'i Gadw mewn:
Manylion Llyfryddiaeth
Prif Awdur: Lock Reyna, Milagros
Fformat: Texto
Pynciau:
Tagiau: Ychwanegu Tag
Dim Tagiau, Byddwch y cyntaf i dagio'r cofnod hwn!

MARC

LEADER 00000 a a2200000 04500
001 10815
003
040
100 |a Lock Reyna, Milagros  
245 |a De la tiendita al supermercado:   |b los comerciantes chinos en América Latina y el Caribe /  |c Milagros Lock Reyna 
500 |a Resumen también en inglés páginas 182  
650 |a COMERCIANTES  
650 |a CHINOS  
650 |a DISCRIMINACION  
650 |a AMERICA LATINA  
773 |g número 203; páginas 128-137  
999 |c 31279  |d 31279